[Event "Titled Tuesday intern op 11th May"]
[Site "Chess.com INT"]
[Date "2021.05.11"]
[Round "5"]
[White "Ermolaev, Andrey Stanislavovi"]
[Black "Davtyan, David"]
[Result "0-1"]
[WhiteElo "2274"]
[BlackElo "2292"]
[PlyCount "116"]
[EventDate "2021.05.11"]
[EventType "swiss (blitz)"]
[EventRounds "11"]
[EventCountry "USA"]
[SourceTitle "CBM 202 Extra"]
[Source "ChessBase"]
[SourceDate "2021.07.31"]
[SourceVersion "1"]
[SourceVersionDate "2021.07.31"]
[SourceQuality "1"]

1. d4 Nf6 2. Nc3 d5 3. Bf4 e6 4. a3 a6 5. Nf3 c5 6. e3 Nc6 7. Bd3 Bd6 8. dxc5 Bxc5 9. 0-0 0-0 10. Qe2 Re8 11. Rad1 e5 12. Bg5 Be6 13. e4 d4 14. Nd5 Be7 15. Bxf6 Bxf6 16. c4 Be7 17. Nd2 Bg5 18. g3 Bh6 19. Kh1 Rb8 20. f4 f6 21. fxe5 Nxe5 22. Bb1 Bg4 23. Qf2 b5 24. cxb5 Rxb5 25. b4 Bh3 26. Rfe1 Ng4 27. Qe2 Rxd5 28. Ba2 Ne3 29. exd5 Bg2+ 30. Kg1 Bxd5 31. Bxd5+ Qxd5 32. Qf3 Qa2 33. Nf1 Rf8 34. Re2 Qb3 35. Rde1 Qxa3 36. Nxe3 dxe3 37. Rxe3 Bxe3+ 38. Rxe3 Qxb4 39. Qd5+ Kh8 40. Kg2 Qb2+ 41. Kf3 Qb4 42. Rd3 a5 43. Qd6 Qxd6 44. Rxd6 Ra8 45. Rd3 a4 46. Ra3 Kg8 47. Ke4 Kf7 48. Kd5 Kg6 49. h3 h5 50. Ke4 Kg5 51. Kf3 f5 52. h4+ Kf6 53. Kf4 g6 54. Kf3 Ke5 55. Ke3 Kd5 56. Kf4 Ra6 57. Kg5 Kc4 58. Ra1 a3 0-1

[Event "Titled Tuesday intern op 11th May"]
[Site "Chess.com INT"]
[Date "2021.05.11"]
[Round "7"]
[White "Ermolaev, Andrey Stanislavovi"]
[Black "Kriti, Mayur Patel"]
[Result "1-0"]
[WhiteElo "2274"]
[BlackElo "1394"]
[PlyCount "105"]
[EventDate "2021.05.11"]
[EventType "swiss (blitz)"]
[EventRounds "11"]
[EventCountry "USA"]
[SourceTitle "CBM 202 Extra"]
[Source "ChessBase"]
[SourceDate "2021.07.31"]
[SourceVersion "1"]
[SourceVersionDate "2021.07.31"]
[SourceQuality "1"]

1. d4 d5 2. Nc3 Nf6 3. Bf4 e6 4. a3 Be7 5. Nf3 0-0 6. e3 c5 7. dxc5 Bxc5 8. Bd3 Nc6 9. Qe2 Qe7 10. 0-0 e5 11. Bg5 e4 12. Nxd5 Qe6 13. Nc7 exd3 14. cxd3 Qd6 15. Bf4 Qe7 16. Nxa8 Bg4 17. Nc7 Nh5 18. Nd5 Qd7 19. h3 Bxh3 20. Nc3 Nxf4 21. exf4 Bg4 22. Qe4 Re8 23. Ne5 Qc8 24. Qd5 Be6 25. Qf3 Nd4 26. Qg3 Nf5 27. Qf3 f6 28. Nc4 Qd7 29. Rfe1 Nd4 30. Qd1 Bxc4 31. dxc4 Rxe1+ 32. Qxe1 Nc2 33. Qd1 Qf5 34. Rc1 Nd4 35. Ne2 Kf7 36. Nxd4 Qxf4 37. Nf3 Kg6 38. Qd3+ Kh6 39. Re1 g6 40. Qd2 Qxd2 41. Nxd2 g5 42. b4 Bd4 43. Ne4 b6 44. Nd6 Kg6 45. Rd1 Be5 46. c5 Bb2 47. Nc4 Bc3 48. c6 Be5 49. Nxe5+ fxe5 50. c7 Kf5 51. c8Q+ Kf4 52. Qc6 h5 53. Qf3# 1-0

[Event "Titled Tuesday intern op 11th May"]
[Site "Chess.com INT"]
[Date "2021.05.11"]
[Round "3"]
[White "Shuvalov, Evgenij"]
[Black "Ermolaev, Andrey Stanislavovi"]
[Result "1-0"]
[WhiteElo "2182"]
[BlackElo "2274"]
[PlyCount "79"]
[EventDate "2021.05.11"]
[EventType "swiss (blitz)"]
[EventRounds "11"]
[EventCountry "USA"]
[SourceTitle "CBM 202 Extra"]
[Source "ChessBase"]
[SourceDate "2021.07.31"]
[SourceVersion "1"]
[SourceVersionDate "2021.07.31"]
[SourceQuality "1"]

1. Nf3 Nc6 2. d4 d5 3. c4 Bg4 4. Nc3 e6 5. cxd5 exd5 6. Qb3 Bb4 7. Ne5 Nxd4 8. Qd1 Nb5 9. Nxg4 Nxc3 10. bxc3 Bxc3+ 11. Bd2 Bxa1 12. Qxa1 f6 13. Ne3 Ne7 14. g3 d4 15. Ng2 0-0 16. Nf4 g5 17. Ne6 Qd5 18. Nxf8 Qxh1 19. Nd7 Nc6 20. Nxf6+ Kg7 21. Bxg5 Rf8 22. Qc1 Rxf6 23. Bxf6+ Kxf6 24. Qf4+ Ke6 25. Qxc7 Ne5 26. Qc8+ Kd6 27. Qb8+ Ke6 28. Qe8+ Kd6 29. Qf8+ Ke6 30. Qg8+ Kd6 31. Qxh7 Qc6 32. Qh6+ Kc5 33. Qxc6+ bxc6 34. Kd2 Nc4+ 35. Kd3 Ne5+ 36. Ke4 Nc4 37. h4 Nd2+ 38. Kd3 Nxf1 39. h5 Nh2 40. f3 1-0

[Event "Titled Tuesday intern op 20th Apr"]
[Site "Chess.com INT"]
[Date "2021.04.20"]
[Round "8"]
[White "Ermolaev, Andrey Stanislavovi"]
[Black "Csonka, Balazs"]
[Result "0-1"]
[WhiteElo "2274"]
[BlackElo "2498"]
[PlyCount "151"]
[EventDate "2021.04.20"]
[EventType "swiss (blitz)"]
[EventRounds "11"]
[EventCountry "USA"]
[SourceTitle "CBM 202 Extra"]
[Source "ChessBase"]
[SourceDate "2021.07.31"]
[SourceVersion "1"]
[SourceVersionDate "2021.07.31"]
[SourceQuality "1"]

1. d4 Nf6 2. Nc3 d5 3. Bf4 c5 4. e4 Nxe4 5. Nxe4 dxe4 6. d5 Nd7 7. Qd2 g6 8. Qc3 Nf6 9. 0-0-0 Bg7 10. d6 0-0 11. dxe7 Qxe7 12. Bd6 Bh6+ 13. Kb1 Rd8 14. Qxc5 Ne8 15. Bc4 Rxd6 16. Rxd6 Qxd6 17. Qxd6 Nxd6 18. Bb3 Be6 19. Ne2 Bxb3 20. axb3 Rd8 21. Rd1 f5 22. Nc3 Nf7 23. Rf1 Bg7 24. Ne2 Ne5 25. h3 Nc6 26. c3 Rd2 27. Nf4 Bh6 28. Ne6 Rd6 29. Nc5 b6 30. Na4 Bf8 31. Kc2 Rd8 32. b4 Ne5 33. Ra1 Nd3 34. f3 exf3 35. gxf3 Nf4 36. b3 Nxh3 37. Nb2 Rd7 38. Nc4 Ng5 39. Ne5 Rc7 40. b5 Bg7 41. Nc6 Nxf3 42. Rxa7 Rxa7 43. Nxa7 Ne5 44. Nc8 Nd7 45. Ne7+ Kf7 46. Nd5 h5 47. Kd3 h4 48. b4 h3 49. Nf4 h2 50. c4 h1Q 51. Nd5 Qe4+ 52. Kd2 Qxd5+ 53. cxd5 Ke7 54. Kd3 Kd6 55. Kc4 Ne5+ 56. Kb3 Kxd5 57. Ka4 Kc4 58. Ka3 Kxb5 59. Kb3 Nc6 60. Kc2 Nxb4+ 61. Kd2 f4 62. Ke2 g5 63. Kf3 Nc6 64. Kg4 Bf6 65. Kf3 Kc4 66. Ke4 b5 67. Kf3 Kd5 68. Ke2 Ke4 69. Kd1 b4 70. Kc2 Kd4 71. Kd1 Kd3 72. Kc1 g4 73. Kd1 g3 74. Ke1 f3 75. Kf1 b3 76. Kg1 0-1

[Event "Titled Tuesday intern op 20th Apr"]
[Site "Chess.com INT"]
[Date "2021.04.20"]
[Round "11"]
[White "Ermolaev, Andrey Stanislavovi"]
[Black "Sieciechowicz, Marcin"]
[Result "0-1"]
[WhiteElo "2274"]
[BlackElo "2393"]
[PlyCount "36"]
[EventDate "2021.04.20"]
[EventType "swiss (blitz)"]
[EventRounds "11"]
[EventCountry "USA"]
[SourceTitle "CBM 202 Extra"]
[Source "ChessBase"]
[SourceDate "2021.07.31"]
[SourceVersion "1"]
[SourceVersionDate "2021.07.31"]
[SourceQuality "1"]

1. d4 Nf6 2. Nc3 d5 3. Bf4 e6 4. a3 Bd6 5. Qd2 0-0 6. Nf3 c5 7. dxc5 Bxc5 8. 0-0-0 Qe7 9. Bg5 h6 10. Bh4 Nc6 11. g4 d4 12. Bxf6 Qxf6 13. Ne4 Qe7 14. g5 hxg5 15. Nfxg5 Bxa3 16. bxa3 Qxa3+ 17. Kb1 Nb4 18. c3 Qb3+ 0-1

[Event "Titled Tuesday intern op 13th Apr"]
[Site "Chess.com INT"]
[Date "2021.04.13"]
[Round "6"]
[White "Aditya, Mittal"]
[Black "Ermolaev, Andrey Stanislavovi"]
[Result "1/2-1/2"]
[WhiteElo "2438"]
[BlackElo "2274"]
[PlyCount "183"]
[EventDate "2021.04.13"]
[EventType "swiss (blitz)"]
[EventRounds "11"]
[EventCountry "USA"]
[SourceTitle "CBM 201 Extra"]
[Source "ChessBase"]
[SourceDate "2021.05.31"]
[SourceVersion "1"]
[SourceVersionDate "2021.05.31"]
[SourceQuality "1"]

1. d4 e5 2. dxe5 d6 3. Nf3 Nc6 4. Bg5 Qd7 5. e4 dxe5 6. Nc3 Bb4 7. Bb5 f6 8. Bd2 Nge7 9. 0-0 a6 10. Bc4 Qd6 11. a3 Bc5 12. b4 Ba7 13. b5 Nd4 14. Nd5 Bg4 15. Bb4 Bc5 16. c3 Nxf3+ 17. gxf3 Bh3 18. Re1 axb5 19. Bxb5+ c6 20. Bxc5 Qxc5 21. Nc7+ Kf7 22. Qb3+ Kg6 23. Bf1 Bxf1 24. Rxf1 Rac8 25. Ne6 Qa7 26. Kh1 Kh6 27. Rad1 b6 28. Qb2 g5 29. Rd6 Ng6 30. Rfd1 Qe7 31. Qd2 Rhe8 32. h4 Nf4 33. Nxf4 gxf4 34. Rd7 Qe6 35. Kh2 Rg8 36. Qd6 Rce8 37. Qxe6 Rxe6 38. R1d6 Rge8 39. Kh3 Kg6 40. c4 Rxd6 41. Rxd6 Rc8 42. h5+ Kf7 43. Kg4 Ke7 44. Rd1 Ra8 45. Kf5 Rxa3 46. Rg1 b5 47. Rg7+ Kd6 48. cxb5 cxb5 49. Kxf6 b4 50. Rb7 Kc5 51. Kxe5 Rxf3 52. Rc7+ Kb5 53. Kf6 b3 54. e5 Kb6 55. Rc1 Rxf2 56. e6 Kb5 57. e7 Re2 58. Rc8 f3 59. Rb8+ Kc4 60. Rc8+ Kd3 61. Rd8+ Kc2 62. Rc8+ Kb1 63. Rc3 b2 64. Rxf3 Ka2 65. Rf1 b1Q 66. Rxb1 Kxb1 67. Kf7 Rf2+ 68. Kg7 Re2 69. Kf7 Rf2+ 70. Kg7 Re2 71. Kf8 Rf2+ 72. Ke8 Re2 73. h6 Kc2 74. Kf7 Rf2+ 75. Kg7 Re2 76. Kf8 Rf2+ 77. Ke8 Re2 78. Kd7 Rd2+ 79. Kc7 Re2 80. Kd7 Rd2+ 81. Ke6 Re2+ 82. Kf6 Rf2+ 83. Kg7 Re2 84. Kxh7 Rxe7+ 85. Kg8 Re8+ 86. Kg7 Re7+ 87. Kf6 Rc7 88. Kg6 Kd3 89. h7 Rc8 90. Kg7 Ke4 91. h8Q Rxh8 92. Kxh8 1/2-1/2

[Event "Titled Tuesday intern op 13th Apr"]
[Site "Chess.com INT"]
[Date "2021.04.13"]
[Round "7"]
[White "Ermolaev, Andrey Stanislavovi"]
[Black "Goltsev, Dmitry"]
[Result "1/2-1/2"]
[WhiteElo "2274"]
[BlackElo "2293"]
[PlyCount "72"]
[EventDate "2021.04.13"]
[EventType "swiss (blitz)"]
[EventRounds "11"]
[EventCountry "USA"]
[SourceTitle "CBM 201 Extra"]
[Source "ChessBase"]
[SourceDate "2021.05.31"]
[SourceVersion "1"]
[SourceVersionDate "2021.05.31"]
[SourceQuality "1"]

1. d4 Nf6 2. Nc3 e6 3. e4 Bb4 4. e5 Nd5 5. Qg4 g6 6. Bd2 h5 7. Qg3 Nc6 8. Nf3 Nxc3 9. bxc3 Be7 10. Bd3 Rg8 11. Bg5 d6 12. Qf4 Bd7 13. 0-0 Bxg5 14. Nxg5 Qe7 15. Rab1 0-0-0 16. h4 Rgf8 17. Nh7 Rh8 18. Nf6 dxe5 19. dxe5 Qc5 20. Rfe1 Qxc3 21. Be4 Na5 22. Re3 Qd2 23. Kh2 Bc6 24. Bxc6 Nxc6 25. Rxb7 Rd4 26. Ne4 Rxe4 27. Qxe4 Kxb7 28. Rb3+ Kc8 29. Qxc6 Qf4+ 30. Kg1 Qc1+ 31. Kh2 Qf4+ 32. Kg1 Qxe5 33. Rd3 Kb8 34. Rb3+ Kc8 35. Rd3 Kb8 36. Rb3+ Kc8 1/2-1/2

[Event "Titled Tuesday intern op 13th Apr"]
[Site "Chess.com INT"]
[Date "2021.04.13"]
[Round "11"]
[White "Nesterov, Arseniy"]
[Black "Ermolaev, Andrey Stanislavovi"]
[Result "1/2-1/2"]
[WhiteElo "2482"]
[BlackElo "2274"]
[PlyCount "116"]
[EventDate "2021.04.13"]
[EventType "swiss (blitz)"]
[EventRounds "11"]
[EventCountry "USA"]
[SourceTitle "CBM 201 Extra"]
[Source "ChessBase"]
[SourceDate "2021.05.31"]
[SourceVersion "1"]
[SourceVersionDate "2021.05.31"]
[SourceQuality "1"]

1. d4 Nc6 2. Nf3 d5 3. c4 Bg4 4. cxd5 Bxf3 5. dxc6 Bxc6 6. Nc3 Nf6 7. f3 e5 8. dxe5 Qxd1+ 9. Kxd1 0-0-0+ 10. Kc2 Nd7 11. Bf4 Re8 12. e4 Nxe5 13. Bb5 Bxb5 14. Nxb5 a6 15. Nc3 Bd6 16. Rad1 Nc4 17. Bc1 Rd8 18. b3 Nb6 19. Ne2 Be5 20. f4 Bd6 21. e5 Bc5 22. Nc3 f5 23. Rhe1 Rxd1 24. Rxd1 Rd8 25. Rxd8+ Kxd8 26. Kd3 Kd7 27. h3 h5 28. Ne2 Ke6 29. Be3 Bxe3 30. Kxe3 Nd5+ 31. Kf3 c5 32. g4 hxg4+ 33. hxg4 g6 34. gxf5+ gxf5 35. a3 b5 36. Ng1 b4 37. axb4 cxb4 38. Ne2 Ne7 39. Ke3 Kd5 40. Nd4 a5 41. Nf3 Nc6 42. Kd3 Nd8 43. Nh4 Ne6 44. Ng2 Kc5 45. Ke3 Kb5 46. Kd3 a4 47. bxa4+ Kxa4 48. Kc2 Ka3 49. Kb1 Kb3 50. Ne3 Nxf4 51. Nxf5 Kc4 52. Ne3+ Kd3 53. Nc2 b3 54. Na1 Kc3 55. Nxb3 Kxb3 56. Kc1 Kc4 57. Kd2 Kd5 58. Ke3 Kxe5 1/2-1/2

[Event "Titled Tuesday intern op 06th Apr"]
[Site "Chess.com INT"]
[Date "2021.04.06"]
[Round "9"]
[White "Ermolaev, Andrey Stanislavovi"]
[Black "Garcia Garcia, Alejandro"]
[Result "1-0"]
[WhiteElo "2274"]
[BlackElo "2247"]
[PlyCount "103"]
[EventDate "2021.04.06"]
[EventType "swiss (blitz)"]
[EventRounds "11"]
[EventCountry "USA"]
[SourceTitle "CBM 201 Extra"]
[Source "ChessBase"]
[SourceDate "2021.05.31"]
[SourceVersion "1"]
[SourceVersionDate "2021.05.31"]
[SourceQuality "1"]

1. d4 Nf6 2. Nc3 d5 3. Bf4 c6 4. Nf3 g6 5. Qd2 h6 6. Ne5 Bg7 7. f3 Qb6 8. 0-0-0 a5 9. g4 a4 10. a3 Qa5 11. Kb1 b5 12. Nd3 Qb6 13. h4 Na6 14. Na2 h5 15. g5 Nd7 16. e3 0-0 17. Bh3 e6 18. Bd6 Re8 19. Nab4 c5 20. Nxa6 Qxd6 21. Naxc5 e5 22. Nxd7 Bxd7 23. Bxd7 Qxd7 24. dxe5 b4 25. Qxb4 Rab8 26. Qd4 Qb5 27. f4 Bf8 28. Ka2 Re6 29. Nb4 Bxb4 30. Qxb4 Qe8 31. Qd4 Reb6 32. Rb1 Qe6 33. Rhd1 Rb5 34. Ka1 Qa6 35. e4 dxe4 36. Qxe4 Qc8 37. Qxa4 Qh3 38. e6 Qxe6 39. Re1 Qh3 40. c4 R5b7 41. Re8+ Rxe8 42. Qxe8+ Kh7 43. Qe5 Qd7 44. Qd5 Qc7 45. c5 Rb5 46. Rc1 Qa7 47. Ka2 Qb8 48. Qxf7+ Kh8 49. Qf6+ Kh7 50. Rd1 Rb7 51. Rd8 Qc7 52. Qh8# 1-0

[Event "Chess.com Bullet op1"]
[Site "Chess.com INT"]
[Date "2020.12.19"]
[Round "16"]
[White "Chung, Kevin"]
[Black "Ermolaev, Andrey Stanislavovi"]
[Result "1-0"]
[WhiteElo "2070"]
[BlackElo "2274"]
[PlyCount "65"]
[EventDate "2020.12.19"]
[EventType "swiss (blitz)"]
[EventRounds "21"]
[EventCountry "USA"]
[SourceTitle "EXT 2022"]
[Source "ChessBase"]
[SourceDate "2021.10.06"]
[SourceVersion "1"]
[SourceVersionDate "2021.10.06"]
[SourceQuality "1"]

1. e4 e6 2. d4 d5 3. e5 c5 4. Nf3 Nc6 5. Bd3 Bd7 6. 0-0 cxd4 7. Re1 Qc7 8. a3 0-0-0 9. b4 f6 10. Bf4 h6 11. Bg3 f5 12. b5 Na5 13. Nxd4 g5 14. f4 Ne7 15. Nd2 Ng6 16. fxg5 hxg5 17. N2f3 Nf4 18. Bxf4 gxf4 19. Qd2 Bc5 20. Qxf4 Rdg8 21. Kh1 Nc4 22. Bxc4 dxc4 23. a4 Be8 24. Nxe6 Qe7 25. Qxc4 b6 26. Nxc5 bxc5 27. e6 Bh5 28. Re5 Bxf3 29. Rxc5+ Kb8 30. Qf4+ Kb7 31. Qxf3+ Kb6 32. Qc6+ Ka5 33. Rc4 1-0

[Event "Chess.com Bullet op1"]
[Site "Chess.com INT"]
[Date "2020.12.19"]
[Round "3"]
[White "Ermolaev, Andrey Stanislavovi"]
[Black "Kruckenhauser, Arthur"]
[Result "1-0"]
[WhiteElo "2274"]
[BlackElo "2283"]
[PlyCount "31"]
[EventDate "2020.12.19"]
[EventType "swiss (blitz)"]
[EventRounds "21"]
[EventCountry "USA"]
[SourceTitle "EXT 2022"]
[Source "ChessBase"]
[SourceDate "2021.10.06"]
[SourceVersion "1"]
[SourceVersionDate "2021.10.06"]
[SourceQuality "1"]

1. d4 Nf6 2. Nc3 e6 3. e4 d5 4. e5 Nfd7 5. Nf3 c5 6. dxc5 Bxc5 7. Bd3 Nc6 8. Bf4 Qc7 9. 0-0 h6 10. a3 a6 11. Qe2 b5 12. Bg3 Bb7 13. Nxd5 exd5 14. e6 Qd8 15. exd7+ Kxd7 16. Bf5# 1-0

[Event "Chess.com Bullet op1"]
[Site "Chess.com INT"]
[Date "2020.12.19"]
[Round "14"]
[White "Mezentsev, Ivan"]
[Black "Ermolaev, Andrey Stanislavovi"]
[Result "0-1"]
[WhiteElo "2354"]
[BlackElo "2274"]
[PlyCount "126"]
[EventDate "2020.12.19"]
[EventType "swiss (blitz)"]
[EventRounds "21"]
[EventCountry "USA"]
[SourceTitle "EXT 2022"]
[Source "ChessBase"]
[SourceDate "2021.10.06"]
[SourceVersion "1"]
[SourceVersionDate "2021.10.06"]
[SourceQuality "1"]

1. d4 e5 2. Nf3 e4 3. Nfd2 d5 4. c4 c6 5. Nc3 Nf6 6. e3 Bd6 7. Be2 Na6 8. a3 Be6 9. b4 0-0 10. b5 Nc7 11. bxc6 bxc6 12. Qa4 c5 13. dxc5 Bxc5 14. Nb3 Be7 15. c5 Bg4 16. h3 Bxe2 17. Nxe2 Nd7 18. Bb2 Ne6 19. 0-0 Ndxc5 20. Nxc5 Nxc5 21. Qc2 Nd3 22. Bd4 Rc8 23. Qd2 Bd6 24. Nc3 Qg5 25. f4 exf3 26. Rxf3 Ne5 27. Rf4 Nc4 28. Rg4 Qxg4 29. hxg4 Nxd2 30. Nxd5 Rfe8 31. Rd1 Nc4 32. Bxa7 Bxa3 33. Bd4 Bc5 34. g5 Bxd4 35. exd4 Nd6 36. Nf4 Nf5 37. d5 Rcd8 38. g4 Ne7 39. d6 Ng6 40. Nd5 Rxd6 41. Ne7+ Rxe7 42. Rxd6 Kf8 43. Rd8+ Re8 44. Rd7 Re5 45. Rd8+ Ke7 46. Rd4 Rxg5 47. Kg2 f5 48. Kf3 Rxg4 49. Rd5 Kf6 50. Rd6+ Kg5 51. Rd7 Nh4+ 52. Kf2 g6 53. Rxh7 Rf4+ 54. Ke3 Rg4 55. Kd3 Rg3+ 56. Kc2 Rg4 57. Kb3 Ng2 58. Rg7 Nf4 59. Re7 Nh5 60. Rd7 f4 61. Rd2 Kh4 62. Rd5 g5 63. Rxg5 Rg3+ 0-1

[Event "Chess.com Bullet op1"]
[Site "Chess.com INT"]
[Date "2020.12.19"]
[Round "12"]
[White "Mohammad Fahad, Rahman"]
[Black "Ermolaev, Andrey Stanislavovi"]
[Result "1-0"]
[WhiteElo "2319"]
[BlackElo "2274"]
[PlyCount "107"]
[EventDate "2020.12.19"]
[EventType "swiss (blitz)"]
[EventRounds "21"]
[EventCountry "USA"]
[SourceTitle "EXT 2022"]
[Source "ChessBase"]
[SourceDate "2021.10.06"]
[SourceVersion "1"]
[SourceVersionDate "2021.10.06"]
[SourceQuality "1"]

1. e4 e6 2. d4 d5 3. Nc3 Nf6 4. Bg5 Bb4 5. e5 h6 6. Bd2 Bxc3 7. bxc3 Ne4 8. Qg4 Kf8 9. Bd3 Nxd2 10. Kxd2 c5 11. Nf3 c4 12. Be2 Bd7 13. a4 Nc6 14. h4 Ne7 15. h5 Nf5 16. Rh3 b6 17. Nh2 a6 18. f4 b5 19. Qf3 bxa4 20. g4 Ne7 21. Nf1 Rb8 22. Ne3 Rb2 23. f5 Ke8 24. f6 gxf6 25. Qxf6 Rf8 26. Qxh6 Nc6 27. Qf4 Ne7 28. Rf3 Qb6 29. Qf6 Rb1 30. Rxb1 Qxb1 31. h6 Qh1 32. Rf1 Qh2 33. Rf2 Qh1 34. g5 Ng6 35. Rf1 Qh4 36. Ng4 a3 37. Qf3 a2 38. Nf6+ Kd8 39. Qe3 Bc6 40. Ra1 Qf4 41. Qxf4 Nxf4 42. Rxa2 Ng6 43. Rxa6 Kc7 44. Ra7+ Kb6 45. Re7 Ra8 46. h7 Ra2 47. Rxf7 Ba4 48. Bd1 Ra1 49. Rg7 Nxe5 50. dxe5 Ra2 51. Ke3 Rxc2 52. Bxc2 Kc5 53. Kf4 d4 54. Kg4 1-0

[Event "Chess.com Bullet op1"]
[Site "Chess.com INT"]
[Date "2020.12.19"]
[Round "10"]
[White "Orozbaev, Eldiar"]
[Black "Ermolaev, Andrey Stanislavovi"]
[Result "1-0"]
[WhiteElo "1973"]
[BlackElo "2274"]
[PlyCount "53"]
[EventDate "2020.12.19"]
[EventType "swiss (blitz)"]
[EventRounds "21"]
[EventCountry "USA"]
[SourceTitle "EXT 2022"]
[Source "ChessBase"]
[SourceDate "2021.10.06"]
[SourceVersion "1"]
[SourceVersionDate "2021.10.06"]
[SourceQuality "1"]

1. e4 e6 2. d4 d5 3. exd5 exd5 4. Nc3 Nc6 5. Bd3 Nxd4 6. Nge2 Nc6 7. Bf4 Be6 8. Qd2 Nf6 9. 0-0-0 Bb4 10. Bb5 0-0 11. h4 Ne4 12. Qe3 Bc5 13. Qf3 Nxf2 14. Nxd5 Nxd1 15. Rxd1 Bxd5 16. Rxd5 Qe7 17. Bg5 f6 18. Bc4 Kh8 19. Bf4 Rfe8 20. Kb1 Bd6 21. Rh5 Bxf4 22. Qxf4 Ne5 23. Bb3 Ng6 24. Qf5 Qxe2 25. a4 Qe4 26. Rxh7+ Kxh7 27. Qh5# 1-0

[Event "Titled Tuesday intern op 17th Nov"]
[Site "Chess.com INT"]
[Date "2020.11.17"]
[Round "2"]
[White "Shtyka, Sergey"]
[Black "Ermolaev, Andrey Stanislavovi"]
[Result "1-0"]
[WhiteElo "2175"]
[BlackElo "2274"]
[PlyCount "71"]
[EventDate "2020.11.17"]
[EventType "swiss (blitz)"]
[EventRounds "11"]
[EventCountry "USA"]
[SourceTitle "CBM 199 Extra"]
[Source "ChessBase"]
[SourceDate "2021.01.31"]
[SourceVersion "1"]
[SourceVersionDate "2021.01.31"]
[SourceQuality "1"]

1. e4 e6 2. Nf3 d5 3. e5 Bd7 4. c4 c5 5. Nc3 d4 6. Ne4 Bc6 7. Bd3 Nd7 8. b4 b6 9. b5 Bb7 10. Qe2 Qc7 11. 0-0 Nh6 12. Ng3 g6 13. Be4 Bg7 14. d3 0-0 15. Bxb7 Qxb7 16. Re1 a6 17. bxa6 Rxa6 18. Ne4 Rfa8 19. Nf6+ Bxf6 20. exf6 Ng4 21. Nxd4 Ngxf6 22. Nb5 Qc6 23. a3 Ne8 24. Bb2 Nd6 25. Nc3 Nf5 26. Ne4 Nd4 27. Bxd4 cxd4 28. Qb2 e5 29. f4 Rd8 30. Qf2 f5 31. Ng5 Nc5 32. Qh4 Ra7 33. Rxe5 Nxd3 34. Re6 Qc7 35. Nxh7 Qxh7 36. Qxd8+ 1-0

[Event "Titled Tuesday intern op 6th June"]
[Site "Chess.com INT"]
[Date "2020.06.02"]
[Round "4"]
[White "Efremov, Vladislav"]
[Black "Ermolaev, Andrey Stanislavovi"]
[Result "1-0"]
[WhiteElo "2188"]
[BlackElo "2274"]
[PlyCount "137"]
[EventDate "2020.06.02"]
[EventType "swiss (blitz)"]
[EventRounds "10"]
[EventCountry "USA"]
[SourceTitle "CBM 196 Extra"]
[Source "ChessBase"]
[SourceDate "2020.07.31"]
[SourceVersion "1"]
[SourceVersionDate "2020.07.31"]
[SourceQuality "1"]

1. d4 e5 2. dxe5 d6 3. exd6 Bxd6 4. Nf3 Nc6 5. e3 Bg4 6. Be2 Qe7 7. h3 Bh5 8. 0-0 0-0-0 9. Nbd2 g5 10. Nh2 Bxe2 11. Qxe2 h5 12. Nc4 Bxh2+ 13. Kxh2 Nd4 14. Qe1 Nxc2 15. Qc3 Nxa1 16. Qxh8 Nf6 17. Qh6 b5 18. Qxg5 bxc4 19. Qf5+ Qe6 20. Qb1 Qe5+ 21. Kg1 Qe4 22. Qxa1 Rg8 23. f3 Qc2 24. Rf2 Qd1+ 25. Rf1 Qe2 26. Rf2 Qe1+ 27. Rf1 Qg3 28. Rf2 Qxh3 29. b3 Qf5 30. Qd4 h4 31. Qxa7 h3 32. Qa8+ Kd7 33. Rd2+ Ke7 34. Ba3+ c5 35. Qa7+ Kf8 36. Qxc5+ Qxc5 37. Bxc5+ Kg7 38. bxc4 Rc8 39. Bd4 Rxc4 40. Bxf6+ Kxf6 41. gxh3 Ke5 42. Kf2 f5 43. Rb2 Ra4 44. Kg3 Ra3 45. Rb5+ Kf6 46. Kf4 Ra4+ 47. e4 fxe4 48. fxe4 Rxa2 49. Rb6+ Kf7 50. h4 Rf2+ 51. Ke5 Rf1 52. Rb7+ Kf8 53. Rh7 Ra1 54. Kf5 Kg8 55. Rh5 Rf1+ 56. Ke6 Ra1 57. e5 Ra6+ 58. Kf5 Ra2 59. Rg5+ Kf8 60. h5 Rf2+ 61. Ke6 Rh2 62. Rf5+ Ke8 63. Kf6 Rh1 64. e6 Re1 65. Ra5 Kd8 66. Ra8+ Kc7 67. e7 Rf1+ 68. Kg6 Rg1+ 69. Kh6 1-0